000 00831nam a22002417a 4500
003 OSt
005 20260129104351.0
008 121206t1998 xxu||||| |||| 00| 0 eng d
020 _a9781901092080
020 _a 1901092089
040 _c0
082 _a720.92
245 0 0 _aPeter pran :
_ban architecture of poetic movement /
_cPeter Pran, Christian Norberg-Schultz, Kenneth Frampton.
260 _aLondon:
_bAndreas Papadakis Publisher,
_c1998.
300 _a144 p. :
_bill;
_c31 cm.
650 _aArchitecture, Modern
_932028
650 _aArchitecture
_zUnited States
_932643
700 1 _aDavis, Paul (Paul Quinn)
_9132960
700 1 _aWard, Jonathan (Jonathan R.)
_9132961
700 1 _aJohnson, Timothy (Timothy J.), AIA
_9132962
942 _2ddc
_cBK
999 _c353580
_d353580